| 000 | 00839nam a2200169 a 4500 | ||
|---|---|---|---|
| 008 | 120416s1978 ||||||||||||||||| || u | ||
| 050 | _aT 56 Bur | ||
| 100 | _aBurbidge, John L | ||
| 245 | 1 | 4 | _aThe principles of production control |
| 250 | _a4th ed. | ||
| 260 |
_aLondon _bThe English Language Book Society _c[1978] |
||
| 300 | _axvii, 588p. : ill. | ||
| 350 | _a0.00 | ||
| 995 |
_aANNEX COLLECTION (Main Library) _D0.00 _e716645 _FCBU-MAIN LIBRARY (Kitwe) _H3 _I0.00 _jT 56 Bur _M1 _UAVAILABLE _y026688 _ZAnnex Low-Usage Collection |
||
| 995 |
_aANNEX COLLECTION (Main Library) _D0.00 _e702503 _FCBU-MAIN LIBRARY (Kitwe) _H1 _I0.00 _jT 56 Bur _M2 _UAVAILABLE _y026692 _ZAnnex Low-Usage Collection |
||
| 995 |
_aANNEX COLLECTION (Main Library) _D0.00 _e702502 _FCBU-MAIN LIBRARY (Kitwe) _H2 _I0.00 _jT 56 Bur _M3 _UAVAILABLE _y026691 _ZAnnex Low-Usage Collection |
||
| 999 |
_c77355 _d77355 |
||